| 000 | 00459cam a2200181 4500 | ||
|---|---|---|---|
| 001 | D1173 | ||
| 008 | 090401t1980 xxu||||| |||| 00| 0 eng d | ||
| 035 | _a(Sirsi) u62834 | ||
| 041 | _aeng | ||
| 050 | _a333.3320973 | ||
| 100 | _aBabcock, Henry A | ||
| 245 | _aAppraisal principles and procedures | ||
| 260 |
_aWashington D C _bAmerican Society of Appraisers _c1980 |
||
| 300 | _axxvi. 289p. 23cm | ||
| 350 | _a15.66 | ||
| 942 | _n0 | ||
| 948 | _c04/03/1997 | ||
| 999 |
_c94486 _d94486 |
||